Liedtext - Santa Maria - Roland Kaiser - Statistiken

Allgemein
  • Dieses Quiz wurde 287 mal gespielt
  • Das Durchschnittsergebnis liegt bei 113 aus 187
Antwortstatistiken
Textquiz % Korrekt
Maria
100%
Santa
100%
Ich
94%
ich
94%
In
91%
in
91%
die
90%
Die
90%
das
87%
aus
86%
hab
86%
geboren
85%
meine
85%
verloren
85%
wie
84%
Wie
84%
Träumen
82%
Insel
81%
dem
78%
Feuer
78%
brennt
76%
Sinne
76%
habe
75%
den
73%
Den
73%
der
71%
ihr
70%
ein
66%
so
65%
an
64%
Fieber
64%
Sie
64%
sie
64%
war
62%
War
62%
ihre
61%
Ihre
61%
deinen
57%
Händen
56%
zu
56%
Hielt
55%
Jugend
54%
Stränden
54%
schneeweißen
53%
Sonne
53%
Nachts
52%
Und
52%
bis
48%
Kind
48%
Schön
48%
Sehnsucht
48%
Frau
47%
Morgen
47%
zur
47%
man
46%
für
45%
keinen
45%
Vom
44%
Mädchen
43%
Namen
43%
wagen
43%
Blick
42%
Glück
42%
kennt
42%
Schritt
42%
Heiß
41%
auf
39%
erwachender
36%
Im
36%
im
36%
ihren
33%
stolzer
33%
Brannte
32%
mich
32%
tief
32%
verborgen
31%
ihrem
30%
Abschied
27%
Inneren
27%
Mit
27%
nie
27%
weit
26%
Land
25%
unendlich
24%
als
23%
Doch
23%
Heimat
22%
Tag
22%
hieß
21%
ließ
21%
unbekanntes
21%
fernes
20%
Wangen
20%
Sah
19%
wird
19%
mehr
18%
Tränen
18%
Niemals
17%
Stunden
17%
erleben
16%
erwacht
16%
vergeh'n
16%
Wildheit
16%
empfunden
15%
entschweben
15%
ihres
15%
Flügeln
14%
bunten
13%
nächtlichen
13%
Rausch
13%
dahin
11%
Erinnerung
11%
gefangen
11%
Zauber
11%
Lächelns
9%
trieb
9%
Wehrlos
9%
Keine übereinstimmenden Quizze gefunden
Verteilung der Resultate
Anzahl Personen mit jedem Resultat
Perzentil nach korrekt beantworteten Fragen
Ihre Resultats-Entwicklung
Sie haben dieses Quiz noch nicht gespielt